Φαρμακολογία : με πλούσια διδακτική εικονογράφηση
Αποθηκεύτηκε σε:
| Κύριος συγγραφέας: | |
|---|---|
| Άλλοι συγγραφείς: | , , |
| Μορφή: | Βιβλίο |
| Γλώσσα: | Greek English |
| Δημοσίευση: |
Αθήνα :
Γρ. Παρισιάνος,
1998.
|
| Έκδοση: | 2η έκδ. |
| Θέματα: | |
| Ετικέτες: |
Προσθήκη ετικέτας
Δεν υπάρχουν, Καταχωρήστε ετικέτα πρώτοι!
|
MARC
| LEADER | 00000cam a2200000 i 4500 | ||
|---|---|---|---|
| 001 | 1/12535 | ||
| 008 | 110321s1998 gr | ||| |||| ||gre|| | ||
| 020 | |a 9603401013 (pbk) | ||
| 035 | |l 10109824 | ||
| 040 | |a GR-MyUA |b gre |e AACR2 | ||
| 041 | 1 | |a gre |h eng | |
| 082 | 0 | |a 615.1076 |2 (22) | |
| 100 | 1 | |a Mycek, Mary Julia. | |
| 245 | 1 | 0 | |a Φαρμακολογία : |b με πλούσια διδακτική εικονογράφηση / |c Mary J. Mycek, Richard A. Harvey, Pamela C. Champe ; επιμέλεια Ι. Στ. Παπαδόπουλος, Γ. Παπαδόπουλος ; μετάφραση Βαλκανιώτη Ελίνα...[κ.ά.]. |
| 250 | |a 2η έκδ. | ||
| 260 | |a Αθήνα : |b Γρ. Παρισιάνος, |c 1998. | ||
| 300 | |a xvi, 515 σ. : |b σχέδια, φωτ. ; |c 28 εκ. | ||
| 500 | |a Τίτλος πρωτοτύπου: Pharmacology. | ||
| 504 | |a Ευρετήριο: σ. 505-515. | ||
| 650 | 0 | 0 | |a Pharmacology |x Outlines, syllabi, etc. |
| 650 | 0 | 0 | |a Pharmacology |x Examinations, questions, etc. |
| 700 | 1 | |a Harvey, Richard A. | |
| 700 | 1 | |a Champe, Pamela C. | |
| 700 | 1 | |a Παπαδόπουλος, Ιωάννης Στ. |e edt | |
| 852 | |a INST |b LEMNOS |e 20110321 |h 615.1076 MYC |p 005600000578 |q 005600000578 |t BK |y 0 | ||
| 901 | |a BIBL6-2011-1 | ||
| 909 | |a Μ |b 160937 | ||
| 970 | |a ΠΑΝΤΑΖΗ |b ΑΝΤΩΝΙΑ |z 2011/03/21 | ||